LDR 01160naa#a2200169#i#450# 001 RU\\bibl\120651 005 20260418122511.6 011 ## _a2409-1073 100 ## _a20240620b2024####ek#y0rusy0150####ca 102 ## _aRU 200 1# _aПроблемы и противоречия модернизации социального бытия в западноевропейской культуре _eЖурнальная статья 210 1# _aМосква _cФедеральное государственное автономное образовательное учреждение высшего образования Национальный исследовательский университет "Московский институт электронной техники" _d2024 215 ## _a0 с. 608 ## _aЖурнальная статья _2local 675 ## _aФилософия. Психология. 1 _aСоциальные изменения в глобальных обществах. Социальное развитие. Социология развития. 316.42 _z 700 #1 _aКальней _gМарина Сергеевна 856 4# _aesgi-journal.ru _u